MAGTF supply operations /

Bibliographic Details
Corporate Author: United States. Marine Corps
Format: Government Document eBook
Language:English
Published: [Washington, DC] : [Headquarters, U.S. Marine Corps], [1996]
Series:MCWP ; 4-6.
Subjects:
Online Access:https://purl.fdlp.gov/GPO/gpo19211

MARC

Tag First Indicator Second Indicator Subfields
LEADER 00000cam a2200000Ia 4500
001 in00002740821
005 20211120164122.0
006 m o d f
007 cr bn|||||||||
008 120221s1996 dcua ob f000 0 eng d
035 |a (OCoLC)ocn777642714 
040 |a GPO  |c GPO  |d MvI  |d UtOrBLW 
043 |a n-us--- 
049 |a WWW 
074 |a 0384-A-13 (online) 
086 0 |a D 214.9/9:4-6 
088 |a PCN 143 00001 00 
245 0 0 |a MAGTF supply operations /  |c U.S. Marine Corps. 
246 3 |a Marine Air Ground Task Force supply operations 
264 1 |a [Washington, DC] :  |b [Headquarters, U.S. Marine Corps],  |c [1996] 
300 |a 1 online resource (68 unnumbered pages) :  |b illustrations 
336 |a text  |b txt  |2 rdacontent 
337 |a computer  |b c  |2 rdamedia 
338 |a online resource  |b cr  |2 rdacarrier 
490 1 |a MCWP ;  |v 4-6 
500 |a Title from title screen (viewed on Feb. 21, 2012). 
500 |a "26 February 1996." 
504 |a Includes bibliographical references. 
500 |a Electronic resource. 
610 1 0 |a United States.  |b Marine Corps  |v Handbooks, manuals, etc. 
610 1 0 |a United States.  |b Marine Corps  |x Supplies and stores. 
610 1 0 |a United States.  |b Marine Corps.  |b Marine Air-Ground Task Force  |x Supplies and stores. 
650 0 |a Military supplies. 
710 1 |a United States.  |b Marine Corps. 
830 0 |a MCWP ;  |v 4-6. 
856 4 0 |u https://purl.fdlp.gov/GPO/gpo19211  |t 0 
999 |a MARS 
999 f f |s f13cca22-bf71-3787-9b2b-e6387a5e063f  |i 21650112-5391-3b52-bc8b-04a9ac148ae5  |t 0 
952 f f |a Texas A&M University  |b College Station  |c Electronic Resources  |d Available Online  |t 0  |e D 214.9/9:4-6  |h Superintendent of Documents classification 
998 f f |a D 214.9/9:4-6  |t 0  |l Available Online